| 000 | 00490nam a22001937a 4500 | ||
|---|---|---|---|
| 999 |
_c6495 _d6495 |
||
| 003 | OSt | ||
| 005 | 20190117101607.0 | ||
| 008 | 190117b ||||| |||| 00| 0 eng d | ||
| 020 | _a0932050263 | ||
| 020 | _a0932050034 | ||
| 040 | _cDLC | ||
| 082 |
_a242.7 _bB873C |
||
| 100 | _aBrooks, Pat | ||
| 245 |
_aA Call To War With Prayer Power / _cBy Pat Brooks. |
||
| 260 |
_aUSA : _bNew Puriotan Library, _cc1985. |
||
| 300 | _a82 p.: | ||
| 650 |
_aPrayer Power _xCall To War |
||
| 942 |
_2ddc _cBK |
||